000 01017cam a2200193ua 4500
003 OSt
008 220328b ||||| |||| 00| 0 eng d
020 _a10: 8126517875
041 _aeng
082 _a631.4
_bTHO/SO
100 _aThompson, Louis M .
_95197
245 _asoils and soil fertility /
250 _a4 /
260 _aNew Delhi :
_bTata Mc-Graw Hill Publishing Company ,
_c1978.
300 _a501 ; .
505 _a1 Soil. 2 Soil Formation. 3 Physical Properties of Soils. 4 Soil Mechanics. 5 Soil Water. 6 Soil Organic Matter. 7 Soil Mineralogy. 8 Soil Chemistry. 9 Amending the Soil. 10 Fertilizers. 11 Nitrogen. 12 Phosphorus. 13 Potassium. 14 Calcium, Magnesium, and Sulfur. 15. The Micronutrients. 16. Variations in Plant Composition. 17 Soil Classification and Survey. 18 Land Use and Soil Management. 19 Water Management. 20 Soil Erosion and Its Control. 21 Soil Pollution.
700 1 _aTroeh, Frederick R .
_95198
942 _cBK
999 _c5442
_d5442